Fundamentos de bases de datos

Gardado en:
Detalles Bibliográficos
Main Authors: Silberschatz, Abraham (Author), Korth, Henry F (Author), Sudarshan, S (Author)
Formato: Libro
Idioma:Lingua castelá
Publicado: Madrid, España McGraw-Hill 2006
Edición:Quinta edición
Subjects:
Acceso en liña:Disponible Online
Tags: Engadir etiqueta
Sen Etiquetas, Sexa o primeiro en etiquetar este rexistro!

MARC

LEADER 00000nam a2200000 a 4500
001 UCI3012
003 CL-VaPUC
005 20210512202953.0
008 071005e20060000SP |||||||||||||||||spa|d
999 |c 327409  |d 327407 
020 |a 8448146441 
040 |c Pontificia Universidad Católica de Valparaíso 
082 0 4 |a 005.74 SIL 2006  |2 21 
100 0 |a Silberschatz, Abraham  |e author  |9 524296 
245 1 0 |a Fundamentos de bases de datos 
250 |a Quinta edición 
260 |a Madrid, España   |b McGraw-Hill  |c 2006 
300 |a 953 páginas  
583 |a last modification  |c 20071005 00:00:00  |k Rodrigo Vera 
650 0 |a Bases de datos   |9 260577 
650 0 |a Lenguajes de programación   |9 259458 
650 0 |a Administración de bases de datos   |2 CL-VaPUC  |9 260338 
650 0 |a Diseño de bases de datos   |9 384787 
700 |a Korth, Henry F  |e author  |9 552141 
700 0 |a Sudarshan, S  |e author  |9 524298 
856 |u http://bibliografiadigital.pucv.cl.pucv.idm.oclc.org/index.php/bibliotecapucv/catalog/book/418  |y Disponible Online  
942 |c BK  |2 ddc 
945 |d 20071005 00:00:00  |a cmena 
952 |0 0  |1 0  |2 ddc  |4 0  |6 005_740000000000000_SIL_2006  |7 0  |8 A  |9 410215  |a BIBING  |b BIBING  |c RES  |d 2019-11-22  |i 4343603  |o 005.74 SIL 2006  |p 4343603  |r 2025-01-20  |w 2019-11-22  |y BK  |k CCI 
952 |0 0  |1 0  |2 ddc  |4 0  |6 005_740000000000000_SIL_2006  |7 0  |8 A  |9 410216  |a BIBING  |b BIBING  |c RES  |d 2019-11-22  |i 4641337  |o 005.74 SIL 2006  |p 4641337  |r 2025-01-20  |w 2019-11-22  |y BK  |k CCI 
952 |0 0  |1 0  |2 ddc  |4 0  |6 005_740000000000000_SIL_2006  |7 0  |8 A  |9 410217  |a BIBING  |b BIBING  |c RES  |d 2019-11-22  |i 4681452  |o 005.74 SIL 2006  |p 4681452  |r 2025-01-20  |w 2019-11-22  |y BK  |k CCI 
952 |0 0  |1 0  |2 ddc  |4 0  |6 005_740000000000000_SIL_2006  |7 0  |8 A  |9 410218  |a BIBING  |b BIBING  |c RES  |d 2019-11-22  |i 4681460  |o 005.74 SIL 2006  |p 4681460  |r 2025-01-20  |w 2019-11-22  |y BK  |k CCI 
952 |0 0  |1 0  |2 ddc  |4 0  |6 005_740000000000000_SIL_2006  |7 0  |8 A  |9 410219  |a BIBING  |b BIBING  |c RES  |d 2019-11-22  |i 4681479  |o 005.74 SIL 2006  |p 4681479  |r 2025-01-20  |w 2019-11-22  |y BK  |k CCI 
952 |0 0  |1 0  |2 ddc  |4 0  |6 005_740000000000000_SIL_2006  |7 0  |8 A  |9 410220  |a BIBING  |b BIBING  |c RES  |d 2019-11-22  |i 4681487  |o 005.74 SIL 2006  |p 4681487  |r 2025-01-20  |w 2019-11-22  |y BK  |k CCI 
952 |0 0  |1 0  |2 ddc  |4 0  |6 005_740000000000000_SIL_2006  |7 0  |8 A  |9 410221  |a BIBING  |b BIBING  |c RES  |d 2019-11-22  |i 4681495  |o 005.74 SIL 2006  |p 4681495  |r 2025-01-20  |w 2019-11-22  |y BK  |k CCI 
952 |0 0  |1 0  |2 ddc  |4 0  |6 005_740000000000000_SIL_2006  |7 0  |8 A  |9 410222  |a BIBING  |b BIBING  |c RES  |d 2019-11-22  |i 4681509  |o 005.74 SIL 2006  |p 4681509  |r 2025-01-20  |w 2019-11-22  |y BK  |k CCI 
952 |0 0  |1 0  |2 ddc  |4 0  |6 005_740000000000000_SIL_2006  |7 0  |8 A  |9 410223  |a BIBING  |b BIBING  |c RES  |d 2019-11-22  |i 4681517  |o 005.74 SIL 2006  |p 4681517  |r 2025-01-20  |w 2019-11-22  |y BK  |k CCI 
952 |0 0  |1 0  |2 ddc  |4 0  |6 005_740000000000000_SIL_2006  |7 0  |8 A  |9 410224  |a BIBING  |b BIBING  |c RES  |d 2019-11-22  |i 4681525  |o 005.74 SIL 2006  |p 4681525  |r 2025-01-20  |w 2019-11-22  |y BK  |k CCI